L'uomo di Pietroburgo /
Guardat en:
| Autor principal: | |
|---|---|
| Format: | Llibre |
| Idioma: | italià |
| Publicat: |
[Milano] :
Euroclub,
1997
|
| Etiquetes: |
Sense etiquetes, Sigues el primer a etiquetar aquest registre!
|
MARC
| LEADER | 00000nam a22000007i 4500 | ||
|---|---|---|---|
| 001 | IT\ICCU\TO0\1870865 | ||
| 003 | ItRI | ||
| 005 | 20240708181932.0 | ||
| 008 | 130313s1997 it |||||| ||||| |||||c | ||
| 040 | |b ita |c CDM | ||
| 041 | 7 | |a ita |2 ISO-639-2 | |
| 100 | 1 | |a Follett, Ken |0 IT\ICCU\CFIV\000345 |4 aut | |
| 240 | 1 | 4 | |a The man from St. Petersburg |9 Follett, Ken |
| 245 | 1 | 2 | |a L'uomo di Pietroburgo / |c Ken Follett. |
| 260 | |a [Milano] : |b Euroclub, |c 1997 | ||
| 300 | |a 302 p. ; |c 24 cm. | ||
| 942 | |2 ddc |c BK | ||
| 952 | |0 0 |1 0 |2 ddc |4 0 |6 823_914000000000000_FOL_UOM |7 1 |9 1582 |a RA |b RA |d 2024-07-09 |l 0 |o 823.914 FOL UOM |p 9331 |r 2024-07-09 14:19:08 |w 2024-07-09 |y BK | ||
| 981 | 1 | |6 z01 |a i |b xxxe | |
| 982 | 1 | |6 z01 |a n | |
| 999 | |c 1400 |d 1400 | ||